书目信息 |
| 题名: |
公共行政的合法性
|
|
| 作者: | 麦克斯怀特 著 ;吴琼 译 | |
| 分册: | ||
| 出版信息: | 北京 中国人民大学出版社 2016 |
|
| 页数: | 10,219页 | |
| 开本: | 26cm | |
| 丛书名: | 公共行政与公共管理经典译丛 | |
| 单 册: | ||
| 中图分类: | D771.23 | |
| 科图分类: | ||
| 主题词: | 公共管理--gong gong guan li--行政管理--研究--美国 | |
| 电子资源: | ||
| ISBN: | 978-7-300-22928-7 | |
| 000 | 01562nam0 22003251 450 | |
| 001 | 0103153623 | |
| 005 | 20170503164405.68 | |
| 010 | @a978-7-300-22928-7@dCNY45.00 | |
| 100 | @a20160912d2016 em y0chiy50 ea | |
| 101 | 1 | @achi@ceng |
| 102 | @aCN@b110000 | |
| 105 | @ay z 001yy | |
| 106 | @ar | |
| 200 | 1 | @a公共行政的合法性@9gong gong hang zheng de he fa xing@dLegitimacy in public administration@e一种话语分析@ea discourse analysis@f(美)O.C. 麦克斯怀特(O. C. McSwite)著@g吴琼译@zeng |
| 205 | @a修订版 | |
| 210 | @a北京@c中国人民大学出版社@d2016 | |
| 215 | @a10,219页@d26cm | |
| 225 | 2 | @a公共行政与公共管理经典译丛@9gong gong hang zheng yu gong gong guan li jing dian yi cong@i学术前沿系列 |
| 300 | @a“十三五”国家重点出版物出版规划项目 | |
| 305 | @a世哲出版公司授权出版 | |
| 330 | @a本书从弗里德里克与芬纳之争谈起,对各个时期美国公共行政理论的缘起、发展和话语架构进行了独到的批判性分析,对公共行政的合法性基础进行了深刻的反思,对传统公共行政的语话结构,尤其是“理性人”的意识形态做了全面的检讨,并从性别理论的角度说明了合法性和异在性之间的联系,提出了以实用主义重建公共行政的可能性。 | |
| 461 | 0 | @12001 @a公共行政与公共管理经典译丛 |
| 510 | 1 | @aLegitimacy in public administration@ea discourse analysis@zeng |
| 517 | 1 | @a一种话语分析@9yi zhong hua yu fen xi |
| 606 | 0 | @a公共管理@9gong gong guan li@x行政管理@x研究@y美国 |
| 690 | @aD771.23@v5 | |
| 701 | 0 | @c(美)@a麦克斯怀特@9mai ke si huai te@c(McSwite, O. C.)@4著 |
| 702 | 0 | @a吴琼@9wu qiong@4译 |
| 801 | 0 | @aCN@bTANGWEI@c20170308 |
| 905 | @b0967391-3@dD771.23@e411=2@f3 | |
| 公共行政的合法性=Legitimacy in public administration:一种话语分析:a discourse analysis/(美)O.C. 麦克斯怀特(O. C. McSwite)著/吴琼译.-修订版.-北京:中国人民大学出版社,2016 |
| 10,219页;26cm.-(公共行政与公共管理经典译丛.学术前沿系列) |
| “十三五”国家重点出版物出版规划项目 |
| ISBN 978-7-300-22928-7:CNY45.00 |
| 本书从弗里德里克与芬纳之争谈起,对各个时期美国公共行政理论的缘起、发展和话语架构进行了独到的批判性分析,对公共行政的合法性基础进行了深刻的反思,对传统公共行政的语话结构,尤其是“理性人”的意识形态做了全面的检讨,并从性别理论的角度说明了合法性和异在性之间的联系,提出了以实用主义重建公共行政的可能性。 |
| ● |
| 相关链接 |
|
|
|
|
正题名:公共行政的合法性
索取号:D771.23/411=2
 
预约/预借
| 序号 | 登录号 | 条形码 | 馆藏地/架位号 | 状态 | 备注 |
| 1 | 0967391 | 209673913 | 第一样本阅览室/ [索取号:D771.23/411=2] | 在馆 | |
| 2 | 0967392 | 209673922 | 第一借阅区/ [索取号:D771.23/411=2] | 在馆 | |
| 3 | 0967393 | 209673931 | 第一借阅区/ [索取号:D771.23/411=2] | 在馆 |